| 000 | 005350000a22002050004500 | ||
|---|---|---|---|
| 003 | LK-CoMWRAF | ||
| 005 | 20230914134227.0 | ||
| 008 | 230817t ||||| |||| 00| 0 eng d | ||
| 040 |
_aLK-CoMWRAF _dLK-CoMWRAF _eLK-CoMWRAF |
||
| 041 | _aeng | ||
| 082 |
_a297.122 _bTAF |
||
| 100 | _aA.L.Shaykh Safiur Rahman | ||
| 245 |
_aTAFSIR IBN KATHIR : _b(Surat An-Nur to Surat Al-Ahzab) |
||
| 250 | _a1st Edition | ||
| 260 |
_aRiyadh : _bDarussalam, |
||
| 300 | _a724p | ||
| 490 | _aVolume 7 | ||
| 650 | _aQurʾan-Commentaries | ||
| 942 | _cBK | ||
| 999 |
_c377 _d377 |
||